000 00664nam a22002297a 4500
003 UA-OsUOA
001 48406
007 ta
008 20070906b un ||||| |||| 00| 0 ukr d
100 _aРудяков П. М.
090 _a82.09
_bР83
942 _cBK
040 _aUA-OsUOA
_bukr
_cUA-OsUOA
_dUA-OsUOA
245 _aУкраїнсько-хорватські літературні взаємини в ХІХ - ХХ ст.
300 _a133 с.
955 _a2
041 _aukr
080 _a82.09
260 _aК.
_bНаукова думка
_c1987
650 7 _a82 Література. Літературознавство
_2UDC
999 _c334497
_d334497